| 000 | 00551nam a2200193Ia 4500 | ||
|---|---|---|---|
| 005 | 20250326140745.0 | ||
| 008 | 250326s9999 xx 000 0 und d | ||
| 020 | _a81-7366-210-X | ||
| 037 | _aTextbook | ||
| 040 |
_aFMSL _beng _cFMSL |
||
| 041 |
_aeng _2eng |
||
| 084 |
_aD658(2:55) P0 _qFMSL |
||
| 100 |
_aArehart Charles _9742997 |
||
| 245 | 0 |
_aProfessional Wap _cArehart Charles And Others |
|
| 260 |
_aMumbai _bMumbai, Shroff Publishers _c2000 |
||
| 300 | _axi,813 | ||
| 942 |
_cTB _hD658(2:55) P0 |
||
| 999 |
_c1287161 _d1287161 |
||